000 00379pab a2200157 454500
008 180718b2011 xxu||||| |||| 00| 0 eng d
100 _aTiwary, Atul K.
245 _aLab to land initiative - reaching out to rural populace
260 _c2011
300 _ap.31-34.
362 _aJul
650 _aRural development
773 _aKurukshetra
908 _aN
909 _a92146
999 _c92146
_d92146